Identify the Bond Film from the Quote #2 - Statistics

General Stats
  • This quiz has been taken 25 times
  • The average score is 10 of 15
Answer Stats
Quote James Bond Film % Correct
“No, Mr Bond, I expect you to die!” Goldfinger
86%
“I'm sorry. That last hand... nearly killed me.” Casino Royale
81%
“England is about to learn the cost of betrayal, inflation adjusted for 1945.” Goldeneye
76%
“That's a Smith & Wesson and you've had your six.” Dr. No
71%
“We're not a country club, 007! Effective immediately, your licence to kill is revoked.” Licence To Kill
71%
“As I learned from my predecessor, Bond, I never joke about my work.” Die Another Day
67%
“Names is for tombstones, baby! Y'all take this honky out and WASTE HIM!” Live and Let Die
67%
“I think he's attempting re-entry sir.” Moonraker
67%
“Little Nelly got a hot reception. Four big shots made improper advances toward her, but she defended her honour with great success.” You Only Live Twice
67%
“My God ..You've just killed James Bond!” Diamonds Are Forever
57%
“Mr. Bond is indeed of a very rare breed... soon to be made extinct.” Octopussy
57%
“I am now aiming precisely at your groin. So speak or forever hold your piece.” The Man With The Golden Gun
57%
“I think he got the point.” Thunderball
57%
“It's all so boring here, Margo - there's nothing but playboys and tennis pros.” The Living Daylights
52%
“You'll just have to decide how much pumping is needed, James.” Tomorrow Never Dies
52%
No matching quizzes found
Score Distribution
Percent of People with Each Score
Percentile by Number Answered
Your Score History
You have not taken this quiz